000
00294nam a2200121Ia 4500
008
190216s9999||||xx |||||||||||||| ||und||
100
_a
Wells Hg
245
0
_a
Lokacharitra Samgraham
260
_b
National Book Stall
_c
1986
300
_a
608p
650
_a
Lokacharitra Samgraham
942
_c
REF
999
_c
35755
_d
35755